[Event "FISCA Online op"]
[Site "Chess.com INT"]
[Date "2020.06.21"]
[Round "3"]
[White "Mihailova, Alina"]
[Black "Slobozeanu, Ioana Raluca"]
[Result "1-0"]
[WhiteElo "1741"]
[BlackElo "1346"]
[PlyCount "49"]
[EventDate "2020.06.19"]
[EventType "swiss"]
[EventRounds "9"]
[EventCountry "ROU"]
[SourceTitle "CBM 197 Extra"]
[Source "ChessBase"]
[SourceDate "2020.09.30"]
[SourceVersion "1"]
[SourceVersionDate "2020.09.30"]
[SourceQuality "1"]

1. d4 Nf6 2. c4 c5 3. d5 g6 4. Nc3 Bg7 5. Nf3 d6 6. g3 0-0 7. Bg2 Nbd7 8. 0-0 e5 9. e4 Nh5 10. Ne1 Nb6 11. Qe2 Bd7 12. a4 Qe8 13. a5 Nc8 14. Nd3 f5 15. b4 cxb4 16. Nxb4 Ne7 17. Ba3 f4 18. Nd3 Rd8 19. Rfb1 Bc8 20. Nb5 fxg3 21. hxg3 Rf6 22. Nxa7 Qd7 23. Rb6 Qc7 24. c5 dxc5 25. Bxc5 1-0

[Event "FISCA Online U14 op"]
[Site "Chess.com INT"]
[Date "2020.05.12"]
[Round "4"]
[White "Slobozeanu, Ioana Raluca"]
[Black "Paraipan, Estera Violeta"]
[Result "1-0"]
[WhiteElo "1346"]
[BlackElo "1040"]
[PlyCount "73"]
[EventDate "2020.05.09"]
[EventType "swiss"]
[EventRounds "9"]
[EventCountry "ROU"]
[SourceTitle "EXT 2021"]
[Source "ChessBase"]
[SourceDate "2020.10.23"]
[SourceVersion "1"]
[SourceVersionDate "2020.10.23"]
[SourceQuality "1"]

1. e4 e5 2. Nf3 Nc6 3. Bc4 Bc5 4. c3 Bb6 5. d4 exd4 6. cxd4 Nf6 7. e5 Ng4 8. h3 Nh6 9. Bxh6 g6 10. Bg5 Ne7 11. Bxe7 Qxe7 12. 0-0 d6 13. Re1 0-0 14. Nc3 dxe5 15. Rxe5 Qb4 16. Qb3 Qd6 17. Ne4 Qd8 18. Nfg5 Qd7 19. Nf6+ Kh8 20. Nxd7 Bxd7 21. Nxf7+ Kg7 22. Re7 Bxd4 23. Rxd7 c5 24. Nd6+ Kh6 25. Qg3 Bxf2+ 26. Qxf2 Rxf2 27. Kxf2 Rf8+ 28. Rf7 Rd8 29. Rd1 a6 30. Nf5+ gxf5 31. Rxd8 b5 32. Rd6+ Kg5 33. h4+ Kxh4 34. Rxh7+ Kg4 35. Rg6+ Kf4 36. Rh4+ Ke5 37. Re6# 1-0

[Event "ROM-ch U12 Girls"]
[Site "Calimanesti"]
[Date "2018.03.29"]
[Round "4"]
[White "Slobozeanu, Ioana Raluca"]
[Black "Iorga, Maria Irina"]
[Result "1/2-1/2"]
[WhiteElo "1266"]
[BlackElo "1302"]
[PlyCount "127"]
[EventDate "2018.03.27"]
[EventType "swiss"]
[EventRounds "9"]
[EventCountry "ROU"]
[SourceTitle "CBM 183 Extra"]
[Source "ChessBase"]
[SourceDate "2018.04.19"]
[SourceVersion "1"]
[SourceVersionDate "2018.04.19"]
[SourceQuality "1"]

1. e4 d5 2. exd5 Qxd5 3. Nc3 Qa5 4. d4 Nf6 5. Bc4 c6 6. Nf3 Bg4 7. h3 Bxf3 8. Qxf3 Nbd7 9. Bd2 Qb6 10. Qd3 e6 11. 0-0-0 Bd6 12. g4 a5 13. g5 Nd5 14. Bxd5 cxd5 15. Nb5 a4 16. Nxd6+ Qxd6 17. Qb5 Qc7 18. Rhe1 Qc6 19. Qxc6 bxc6 20. Bb4 Nb6 21. b3 axb3 22. axb3 Kd7 23. Kd2 Rhc8 24. Bc5 Rab8 25. Ra1 Rc7 26. Ra6 Nc8 27. Rea1 Nd6 28. f3 Nb5 29. c4 Nd6 30. Kc3 Rcb7 31. R1a3 Nf5 32. Ra7 Kc8 33. Rxb7 Rxb7 34. cxd5 cxd5 35. b4 Ne3 36. Ra7 Rxa7 37. Bxa7 Kb7 38. Bc5 Ng2 39. b5 Nh4 40. f4 Ng2 41. Bd6 Ne3 42. Kb4 Nf5 43. Be5 Kb6 44. h4 g6 45. Bf6 Nxh4 46. Bd8+ Kb7 47. Kc5 Nf5 48. Bf6 h5 49. gxh6 Nxh6 50. Kd6 Ng4 51. Bg7 Kb6 52. Ke7 Kxb5 53. Kxf7 Kc4 54. Kxe6 Ne3 55. Kf7 Kd3 56. Kxg6 Ke4 57. Kg5 Nf5 58. Be5 Ne3 59. Bh8 Nf5 60. Be5 Ne3 61. Kh4 Nf5+ 62. Kg5 Ne3 63. Bg7 Nf5 64. Be5 1/2-1/2

[Event "ROM-ch U12 Girls"]
[Site "Calimanesti"]
[Date "2018.03.29"]
[Round "3"]
[White "Slobozeanu, Ioana Raluca"]
[Black "Mihalea, Maria Ioana"]
[Result "0-1"]
[WhiteElo "1266"]
[BlackElo "1370"]
[PlyCount "67"]
[EventDate "2018.03.27"]
[EventType "swiss"]
[EventRounds "9"]
[EventCountry "ROU"]
[SourceTitle "CBM 183 Extra"]
[Source "ChessBase"]
[SourceDate "2018.04.19"]
[SourceVersion "1"]
[SourceVersionDate "2018.04.19"]
[SourceQuality "1"]

1. e4 e5 2. Nf3 Nc6 3. d4 exd4 4. Nxd4 Nf6 5. Nxc6 bxc6 6. e5 Nd5 7. Bc4 Nb6 8. b3 Bb7 9. Bb2 Bb4+ 10. Nd2 0-0 11. Bd3 Qg5 12. Be4 Qf4 13. Bf3 Rfe8 14. a3 Bxd2+ 15. Qxd2 Rxe5+ 16. Be2 Qxd2+ 17. Kxd2 Re7 18. Rhe1 Rae8 19. Bg4 Rxe1 20. Rxe1 Rxe1 21. Kxe1 c5 22. g3 g6 23. a4 f5 24. Bh3 Bf3 25. Kd2 Kf7 26. Bf1 Ke6 27. Be2 Bb7 28. g4 f4 29. f3 g5 30. Ke1 d5 31. a5 Nd7 32. Bd3 d4 33. Bf5+ Kf7 34. Kf2 0-1

[Event "ROM-ch U12 Girls"]
[Site "Baile Felix"]
[Date "2017.02.05"]
[Round "5"]
[White "Hejja, Irisz Hanna"]
[Black "Slobozeanu, Ioana Raluca"]
[Result "0-1"]
[WhiteElo "1393"]
[BlackElo "1172"]
[PlyCount "76"]
[EventDate "2017.02.02"]
[EventType "swiss"]
[EventRounds "9"]
[EventCountry "ROU"]
[SourceTitle "CBM 176 Extra"]
[Source "ChessBase"]
[SourceDate "2017.03.02"]
[SourceVersion "1"]
[SourceVersionDate "2017.03.02"]
[SourceQuality "1"]

1. d4 Nf6 2. Nc3 g6 3. e4 d6 4. Nf3 Bg7 5. Be3 0-0 6. Bd3 e6 7. 0-0 a6 8. Qd2 Ng4 9. h3 Nxe3 10. Qxe3 b5 11. a3 Bb7 12. Rfe1 Nd7 13. Bf1 c5 14. Rad1 Qc7 15. d5 Rfe8 16. Qd2 Ne5 17. Nxe5 Bxe5 18. g3 Rac8 19. Rb1 b4 20. Na2 a5 21. a4 c4 22. b3 cxb3 23. cxb3 Qc2 24. Qxc2 Rxc2 25. Re2 Rxe2 26. Bxe2 exd5 27. exd5 Bxd5 28. Bb5 Rc8 29. Nc1 Be4 30. Bd3 f5 31. Bxe4 fxe4 32. Kg2 Rc2 33. Kg1 d5 34. h4 Bd4 35. Kh1 Bxf2 36. g4 Be3 37. g5 Bxc1 38. Rxc1 Rxc1+ 0-1

[Event "ROM-ch U12 Girls"]
[Site "Baile Felix"]
[Date "2017.02.02"]
[Round "1"]
[White "Puia, Alexia Teodora"]
[Black "Slobozeanu, Ioana Raluca"]
[Result "1/2-1/2"]
[WhiteElo "1487"]
[BlackElo "1172"]
[PlyCount "62"]
[EventDate "2017.02.02"]
[EventType "swiss"]
[EventRounds "9"]
[EventCountry "ROU"]
[SourceTitle "CBM 176 Extra"]
[Source "ChessBase"]
[SourceDate "2017.03.02"]
[SourceVersion "1"]
[SourceVersionDate "2017.03.02"]
[SourceQuality "1"]

1. e4 c5 2. f4 Nc6 3. Nf3 g6 4. d3 Bg7 5. c3 Qb6 6. Qc2 d6 7. Be3 Bd7 8. Nbd2 e6 9. Nc4 Qc7 10. d4 cxd4 11. cxd4 b5 12. Ncd2 Nge7 13. Bxb5 a6 14. Ba4 Rc8 15. Rc1 0-0 16. 0-0 Qb6 17. Nc4 Qc7 18. e5 dxe5 19. dxe5 Nb4 20. Qd1 Bxa4 21. Qxa4 Nd3 22. Rc2 Nxb2 23. Rxb2 Qxc4 24. Rb4 Qc6 25. Qa3 Nd5 26. Rb3 Nxe3 27. Rxe3 Rfe8 28. Rb3 Bf8 29. Qb2 Qc5+ 30. Kh1 Qc6 31. Rb6 Qc4 1/2-1/2